How the Soviet Union is Governed
Salvato in:
| Autore principale: | |
|---|---|
| Altri autori: | |
| Natura: | Libro |
| Lingua: | inglese |
| Pubblicazione: |
Cambridge
Harvard University Press
1979
|
| Edizione: | 3. ed. |
| Tags: |
Nessun Tag, puoi essere il primo ad aggiungerne!!
|
MARC
| LEADER | 00000nam a2200000 4500 | ||
|---|---|---|---|
| 001 | c040335 | ||
| 005 | 20221220101910.5 | ||
| 041 | 0 | |a eng | |
| 044 | |a US | ||
| 245 | 1 | 0 | |a How the Soviet Union is Governed |c Jerry F. Hough, Merle Fainsod |
| 250 | |a 3. ed. | ||
| 264 | 1 | |a Cambridge |b Harvard University Press |c 1979 | |
| 300 | |a 679 s. | ||
| 100 | 1 | |a Hough, Jerry F. | |
| 700 | 1 | |a Fainsod, Merle | |